000 00584nab a2200181 4500
001 244442
003 OSt
005 20230726134002.0
007 tu
008 200917s2020|||||||
040 _aDE-2950
_cDE-2950
245 0 0 _aKompromiss zur Hundesteuer.
_bStadtpolitik. Wochenlang stritten die Stadtverordneten um die geplante Erhöhung der Abgabe. Jetzt ist eine Entscheidung gefallen/
_cThomas Gutke
264 _c2023
653 _aFrankfurt (Oder)
653 _aHundesteuer
773 0 _g34. Jahrgang (2023) Nr. 163 vom 15.07.2023, S. 15
_tMärkische Oderzeitung
942 _2z
_cA
999 _c372639
_d372639